[Event "Asian Zonal 3.3 2019"]
[Site "Ulaanbaatar"]
[Date "2019.04.12"]
[Round "6.20"]
[White "Tengis, Tsog-Ochir"]
[Black "Erkhes, Bayartnar"]
[Result "1/2-1/2"]
[WhiteElo "2207"]
[BlackElo "1778"]
[Annotator "TA"]
[PlyCount "94"]
[EventDate "2019.04.07"]
[EventType "swiss"]
[EventRounds "9"]
[EventCountry "MGL"]
[SourceTitle "playchess.com"]
[Source "ChessBase"]
[SourceQuality "1"]

{[%evp 9,94,18,27,0,20,0,0,0,18,39,27,-46,-2,-13,1,7,0,0,26,28,43,0,69,56,91,85,73,93,65,47,48,18,12,0,16,21,20,23,27,13,15,14,45,44,44,47,42,45,45,36,71,70,68,69,42,42,102,83,141,120,105,96,96,67,68,69,68,69,561,0,0,0,0,0,0,0,0,0,0,0,0,0,0,0,0,0,0]} 1. d4 d5 2. c4 c6 3. Nf3 Nf6 4. g3 Bg4 5. Ne5 Bf5 6. Bg2 {D11: Slav Defence: 3 Nf3 sidelines and 3...Nf6 4 e3 Bg4} (6. cxd5 cxd5 7. Nc3 Nc6 8. f3 Bd7 9. e4 e6 10. Nxc6 Bxc6 11. e5 Ng8 12. Be3 Bb4 {½-½ (47) Le,Q (2714)-Hovhannisyan,R (2637) St Petersburg 2018}) 6... Nbd7 7. O-O e6 8. Nc3 Nxe5 9. dxe5 Nd7 10. f4 (10. cxd5 $11 exd5 11. e4 dxe4 12. Qe2) 10... Bc5+ ({Reject} 10... dxc4 $6 11. e4 $14) 11. Kh1 $1 {[%cal Rc4d5]} h5 $146 ({Predecessor:} 11... Nb6 12. cxd5 exd5 {½-½ (31) Bartos,T (2151)-Galambos,M (1912) Miskolc 2010}) 12. cxd5 exd5 13. e4 dxe4 14. Nxe4 Qb6 15. b4 Be7 ({Black should try} 15... Qxb4 $11 16. Qc2 h4) 16. Qd3 $14 h4 17. Be3 Qb5 18. Qxb5 $1 cxb5 19. Kg1 Bxb4 20. Rab1 (20. Rac1 {keeps more tension.} hxg3 21. Nxg3 Bh3 22. Bxh3 Rxh3 23. Rc7) 20... Bxe4 $1 21. Rxb4 Bxg2 (21... Bc6 {is interesting.} 22. Rc1 a5 23. Rd4 hxg3 24. hxg3 Rc8) 22. Kxg2 hxg3 23. hxg3 a6 24. a4 Ke7 25. axb5 Rhc8 26. bxa6 bxa6 27. Rb7 {Strongly threatening Rd1.} Rab8 28. Ra7 {Hoping for Rd1.} Ra8 $1 29. Bc5+ Ke6 {[#]} 30. f5+ $1 Kxe5 31. Rxd7 Rxc5 32. Rxf7 {[%mdl 4096] Endgame KRR-KRR} Rg8 (32... a5 $1 $14) 33. Re1+ Kd4 ({Better is} 33... Kd5) 34. g4 Rc2+ 35. Kf3 {Threatens to win with Rd7+.} Rc3+ 36. Kf4 g5+ 37. fxg6 Rxg6 38. g5 Rc5 $2 {[%mdl 8192] [#]} (38... Rc2 $1 $14 39. Rd1+ Kc5) 39. Rg1 $2 (39. Rd1+ $1 $18 Kc4 40. Rc1+ Kb5 41. Rxc5+ Kxc5 42. Rf6) 39... a5 $11 {The position is equal.} 40. Rf8 Kd3 $1 41. Rg3+ Kc4 42. Ra8 Kb4 43. Rg1 Ka3 44. Rb8 {[%cal Rg1a1]} Ka2 45. Rg3 Rcxg5 46. Rxg5 Rxg5 47. Kxg5 {White wants to mate with Kf6.} a4 {Accuracy: White = 58%, Black = 51%.} 1/2-1/2

[Event "Asian Zonal 3.3 2019"]
[Site "Ulaanbaatar"]
[Date "2019.04.12"]
[Round "6.21"]
[White "Gerelt-Od, Boldbaatar"]
[Black "Chuluun, Gonchigdorj"]
[Result "1/2-1/2"]
[WhiteElo "1484"]
[BlackElo "1982"]
[Annotator "NA RC"]
[PlyCount "73"]
[EventDate "2019.04.07"]
[EventType "swiss"]
[EventRounds "9"]
[EventCountry "MGL"]
[SourceTitle "playchess.com"]
[Source "ChessBase"]
[SourceQuality "1"]
[TimeControl "40/5400+30:1800+30"]

1. e4 Nf6 2. e5 Nd5 3. d4 Nb6 4. c4 d5 5. c5 N6d7 6. Nc3 b6 7. b4 a5 8. Qa4 Bb7 9. Nf3 axb4 10. Qxb4 e6 11. Bd3 Be7 12. O-O O-O 13. Qb1 h6 14. a4 Ba6 15. Bxa6 Rxa6 16. cxb6 Nxb6 17. Ba3 Nc4 18. Bxe7 Qxe7 19. Qd3 c5 20. Rfb1 cxd4 21. Qxd4 Nc6 22. Qd3 Rfa8 23. Re1 Qc5 24. Rac1 Ra5 25. Qc2 Qa3 26. h3 Qb2 27. Qxb2 Nxb2 28. Nxd5 Nd3 29. Nb6 Nxe1 30. Nxe1 Nd4 31. Rc4 Rb8 32. Nd7 Rb1 33. Rc8+ Kh7 34. Nf8+ Kg8 35. Nd7+ Kh7 36. Nf8+ Kg8 37. Nd7+ 1/2-1/2

[Event "Asian Zonal 3.3 2019"]
[Site "Ulaanbaatar"]
[Date "2019.04.12"]
[Round "6.22"]
[White "Bulgankhan, Ganzorig"]
[Black "Danzanjunai, Ganbat"]
[Result "1-0"]
[WhiteElo "1936"]
[BlackElo "1608"]
[Annotator "NA RC"]
[PlyCount "73"]
[EventDate "2019.04.07"]
[EventType "swiss"]
[EventRounds "9"]
[EventCountry "MGL"]
[SourceTitle "playchess.com"]
[Source "ChessBase"]
[SourceQuality "1"]
[TimeControl "40/5400+30:1800+30"]

1. d4 Nf6 2. c4 g6 3. Nc3 Bg7 4. e4 d6 5. Nf3 O-O 6. Be2 e5 7. O-O Nc6 8. d5 Ne7 9. a4 Nd7 10. a5 f5 11. b4 Nf6 12. c5 fxe4 13. Ng5 dxc5 14. Bc4 Kh8 15. bxc5 h6 16. d6 hxg5 17. dxe7 Qxe7 18. c6 Qb4 19. Qe2 Bg4 20. Qa2 Qxc3 21. cxb7 Rab8 22. a6 Nd7 23. Bd2 Qd4 24. Be3 Qd6 25. Bxa7 e3 26. Bxb8 exf2+ 27. Kh1 e4 28. a7 Ne5 29. Be2 Bh3 30. Qa3 Qd5 31. Qxh3+ Kg8 32. a8=Q Nc6 33. Qa2 Qxa2 34. Rxa2 Rxb8 35. Bc4+ Kf8 36. Raxf2+ Ke7 37. Qe6+ 1-0

[Event "Asian Zonal 3.3 2019"]
[Site "Ulaanbaatar"]
[Date "2019.04.12"]
[Round "6.23"]
[White "Amgalantengis, Enkh-Amgalan"]
[Black "Erkhembayar, Tserentsoodol"]
[Result "1/2-1/2"]
[WhiteElo "1832"]
[BlackElo "1757"]
[Annotator "NA RC"]
[PlyCount "112"]
[EventDate "2019.04.07"]
[EventType "swiss"]
[EventRounds "9"]
[EventCountry "MGL"]
[SourceTitle "playchess.com"]
[Source "ChessBase"]
[SourceQuality "1"]
[TimeControl "40/5400+30:1800+30"]

1. d4 d5 2. c4 e6 3. Nc3 Nf6 4. cxd5 exd5 5. Bg5 Be7 6. e3 O-O 7. Bd3 h6 8. Bxf6 Bxf6 9. Nf3 c6 10. O-O Bg4 11. h3 Be6 12. b4 Be7 13. Rb1 a6 14. a4 Nd7 15. b5 axb5 16. axb5 Ra3 17. Ne2 c5 18. dxc5 Nxc5 19. Bc2 Ne4 20. Nfd4 Bc8 21. Bb3 Ra5 22. Qc2 Bf6 23. Ra1 Be6 24. Rxa5 Qxa5 25. Qa2 Qxa2 26. Bxa2 Ra8 27. Bb1 Nd2 28. Rd1 Ra1 29. Bh7+ Kxh7 30. Rxa1 Nc4 31. Ra7 b6 32. Nf4 Bxd4 33. exd4 Nd6 34. Nxe6 fxe6 35. Re7 Nxb5 36. Rxe6 Nxd4 37. Rxb6 Ne2+ 38. Kf1 Nf4 39. h4 Nh5 40. Rd6 Nf6 41. f3 h5 42. Ke2 Kg8 43. Ke3 Kf7 44. Kd4 Ke7 45. Rxd5 Nxd5 46. Kxd5 Kf6 47. Ke4 Ke6 48. Kf4 Kf6 49. g3 g6 50. g4 hxg4 51. Kxg4 Kf7 52. Kg5 Kg7 53. Kf4 Kf6 54. Ke4 Ke6 55. Kf4 Kf6 56. Kg4 Kf7 1/2-1/2

[Event "Asian Zonal 3.3 2019"]
[Site "Ulaanbaatar"]
[Date "2019.04.13"]
[Round "7.2"]
[White "Batchuluun, Tsegmed"]
[Black "Munkhgal, Gombosuren"]
[Result "1-0"]
[WhiteElo "2547"]
[BlackElo "2455"]
[Annotator "ChessBase"]
[PlyCount "107"]
[EventDate "2019.04.07"]
[EventType "swiss"]
[EventRounds "9"]
[EventCountry "MGL"]
[SourceTitle "playchess.com"]
[Source "ChessBase"]
[SourceQuality "1"]
[TimeControl "40/5400+30:1800+30"]

1. c4 {[%emt 0:00:00]} e6 {[%emt 0:00:00]} 2. Nf3 {[%emt 0:00:40]} Nf6 {[%emt 0:00:00]} 3. g3 {[%emt 0:00:49]} d5 {[%emt 0:00:00]} 4. d4 {[%emt 0:00:14]} dxc4 {[%emt 0:00:29]} 5. Bg2 {[%emt 0:00:06]} Bd7 {[%emt 0:00:20]} 6. Ne5 {[%emt 0:00:06]} Bc6 {[%emt 0:00:04]} 7. Nxc6 {[%emt 0:00:06]} Nxc6 {[%emt 0:00:05]} 8. O-O {[%emt 0:00:10]} Qd7 {[%emt 0:00:05]} 9. e3 {[%emt 0:00:05]} Rd8 {[%emt 0:00:50]} 10. Qe2 {[%emt 0:05:51]} e5 {[%emt 0:00:25]} 11. Qxc4 {[%emt 0:00:05]} exd4 {[%emt 0:00:05]} 12. Qb5 {[%emt 0:00:03]} Rb8 {[%emt 0:00:30]} 13. Rd1 {[%emt 0:00:30]} a6 {[%emt 0:03:07]} 14. Qc4 {[%emt 0:13:19]} Bd6 {[%emt 0:00:23]} 15. exd4 {[%emt 0:07:07]} O-O {[%emt 0:00:23]} 16. Nc3 {[%emt 0:00:05]} h6 {[%emt 0:00:33]} 17. b3 {[%emt 0:13:30]} Ne7 {[%emt 0:13:55]} 18. Bb2 {[%emt 0:00:38]} c6 {[%emt 0:15:36]} 19. d5 {[%emt 0:08:07]} c5 {[%emt 0:00:05]} 20. Ne4 {[%emt 0:06:57]} Nxe4 {[%emt 0:00:10]} 21. Bxe4 {[%emt 0:00:29]} Ng6 {[%emt 0:09:11]} 22. Qc2 {[%emt 0:08:01]} f5 {[%emt 0:15:16]} 23. Bg2 {[%emt 0:00:17]} Ne5 {[%emt 0:00:37]} 24. Re1 {[%emt 0:03:38]} Rbe8 {[%emt 0:00:27]} 25. f4 {[%emt 0:08:29]} Ng4 {[%emt 0:00:14]} 26. Bf3 {[%emt 0:00:16]} Rxe1+ {[%emt 0:11:50]} 27. Rxe1 {[%emt 0:00:06]} Re8 {[%emt 0:00:09]} 28. Re2 {[%emt 0:04:30]} Rxe2 {[%emt 0:10:37]} 29. Qxe2 {[%emt 0:00:09]} Be7 {[%emt 0:00:16]} 30. h3 {[%emt 0:12:57]} Nf6 {[%emt 0:00:24]} 31. Qe6+ {[%emt 0:01:08]} Qxe6 {[%emt 0:03:07]} 32. dxe6 {[%emt 0:00:01]} b5 {[%emt 0:04:28]} 33. Bb7 {[%emt 0:00:40]} a5 {[%emt 0:00:47]} 34. Bc6 {[%emt 0:00:03]} b4 {[%emt 0:09:41]} 35. Be5 {[%emt 0:00:29]} Kf8 {[%emt 0:01:14]} 36. Kf2 {[%emt 0:00:20]} c4 {[%emt 0:00:47]} 37. bxc4 {[%emt 0:00:25]} Bc5+ {[%emt 0:00:01]} 38. Ke2 {[%emt 0:03:40]} Ne4 {[%emt 0:01:37]} 39. g4 {[%emt 0:02:44]} Nc3+ {[%emt 0:00:43]} 40. Bxc3 {[%emt 0:00:00]} bxc3 {[%emt 0:00:00]} 41. gxf5 {[%emt 0:02:02]} Ke7 {[%emt 0:06:05]} 42. Kd3 {[%emt 0:00:14]} Kd6 {[%emt 0:03:16]} 43. Be4 {[%emt 0:03:37]} a4 {[%emt 0:03:47]} 44. Kxc3 {[%emt 0:00:19]} a3 {[%emt 0:00:28]} 45. Kb3 {[%emt 0:00:34]} Kc7 {[%emt 0:00:04]} 46. Kc3 {[%emt 0:03:29]} Kd6 {[%emt 0:02:25]} 47. Bd5 {[%emt 0:01:07]} Kc7 {[%emt 0:00:41]} 48. Kd3 {[%emt 0:05:51]} Kd6 {[%emt 0:03:54]} 49. Ke4 {[%emt 0:05:42]} Bb6 {[%emt 0:01:35]} 50. f6 {[%emt 0:01:59]} gxf6 {[%emt 0:00:04]} 51. Kf5 {[%emt 0:00:02]} Be3 {[%emt 0:00:59]} 52. Kxf6 {[%emt 0:00:58]} Bxf4 {[%emt 0:00:04]} 53. Kf7 {[%emt 0:00:03]} Bg5 {[%emt 0:00:06]} 54. Bf3 {[%emt 0:00:06] Kd5 [%clk 0:00:00]} 1-0

[Event "Asian Zonal 3.3 2019"]
[Site "Ulaanbaatar"]
[Date "2019.04.13"]
[Round "7.6"]
[White "Gundavaa, Bayarsaikhan"]
[Black "Chinguun, Bayaraa"]
[Result "1-0"]
[WhiteElo "2481"]
[BlackElo "2033"]
[Annotator "TA"]
[PlyCount "69"]
[EventDate "2019.04.07"]
[EventType "swiss"]
[EventRounds "9"]
[EventCountry "MGL"]
[SourceTitle "playchess.com"]
[Source "ChessBase"]
[SourceQuality "1"]

{[%evp 12,69,19,9,18,18,16,15,8,10,19,13,56,56,49,46,51,19,29,20,44,55,62,45,94,95,102,66,111,72,158,82,86,85,96,95,193,149,238,208,221,203,717,717,738,734,782,785,778,778,762,741,860,854,1148,1137,1551,1346,1576,992]} 1. e4 c5 2. Nf3 d6 3. d4 cxd4 4. Nxd4 Nf6 5. Nc3 a6 6. Nb3 e5 7. Bg5 Be6 {B94: Sicilian Najdorf: 6 Bg5 Nbd7} 8. Bxf6 (8. f4 exf4 9. Qd2 Be7 10. O-O-O Bxb3 11. cxb3 Nc6 12. Bxf4 O-O 13. Bxd6 Bxd6 14. Qxd6 Qa5 15. Be2 {½-½ (76) Kryvoruchko,Y (2695)-Abdusattorov,N (2558) Batumi 2018}) 8... Qxf6 9. Na5 Qd8 {The position is equal.} 10. Nc4 Be7 11. Nd5 Bxd5 12. Qxd5 (12. exd5 b5 $11) 12... Qc7 13. Ne3 $146 ({Predecessor:} 13. Be2 O-O 14. Qd1 Nd7 15. Ne3 {1-0 (69) Praneeth,S (2413)-Raja,R (1958) Rajahmundry 2016}) 13... Nd7 14. Bc4 O-O 15. Bb3 Nf6 16. Qd3 b5 17. O-O Rfd8 18. a4 b4 19. a5 Qc5 20. Ra4 Bf8 (20... Ra7 $142) 21. Bc4 (21. Nd5 $142) 21... Ra7 $16 22. Rc1 Rb8 23. c3 ({But not} 23. Bxa6 $2 Qc6 $19) 23... b3 (23... bxc3 $16 24. Rxc3 d5 25. Nxd5 Nxd5 26. Bxd5 Qb5 27. Qxb5 Rxb5) 24. Rca1 g6 (24... d5 $16) 25. Nd5 Nxd5 26. Bxd5 ({Don't play} 26. Qxd5 $6 Qxd5 27. Bxd5 Rc7) 26... Kg7 $2 (26... Qb5 27. Qd1 Qe8) 27. Rc4 $18 {White is clearly winning.} Qb5 28. Bc6 {[%mdl 64] [#] Trapped Piece} Qxc4 29. Qxc4 Rc8 30. Qa4 Be7 31. Bd5 Rb8 32. Ra3 Rb5 33. Rxb3 Rc5 34. Rb8 Bg5 35. g3 {Accuracy: White = 75%, Black = 41%.} 1-0

[Event "Asian Zonal 3.3 2019"]
[Site "Ulaanbaatar"]
[Date "2019.04.13"]
[Round "7.7"]
[White "Gomez, John Paul"]
[Black "Itgelt, Khuyagtsogt"]
[Result "1/2-1/2"]
[WhiteElo "2460"]
[BlackElo "2056"]
[Annotator "TA"]
[PlyCount "148"]
[EventDate "2019.04.07"]
[EventType "swiss"]
[EventRounds "9"]
[EventCountry "MGL"]
[SourceTitle "playchess.com"]
[Source "ChessBase"]
[SourceQuality "1"]

{[%evp 15,148,-17,-22,-16,-22,-18,0,0,0,0,10,21,23,8,20,23,9,21,26,21,30,30,41,36,110,101,93,89,110,108,118,114,129,109,110,116,98,0,0,0,0,0,0,0,0,0,0,0,0,0,0,0,8,6,25,0,35,0,0,0,24,0,0,0,0,0,0,0,0,0,14,0,0,0,0,0,0,0,0,0,0,0,0,0,0,0,8,13,21,10,22,14,25,0,0,0,0,0,0,0,0,0,0,0,0,0,0,0,0,0,0,0,0,0,0,0,0,0,0,0,0,0,0,0,0,-35,0,-38,0,0,0,0,0,0,0]} 1. c4 e5 2. Nc3 Nf6 3. Nf3 Nc6 4. e3 Bb4 5. Qc2 Bxc3 6. Qxc3 Qe7 7. a3 d5 8. cxd5 Nxd5 9. Qb3 {A28: English Opening: Four Knights Variation} Nb6 10. d3 Be6 (10... Bf5 11. Be2 O-O-O 12. O-O e4 13. dxe4 Bxe4 14. Qc3 Nd5 15. Qc4 Nb6 16. Qc3 Nd5 17. Qc4 Nb6 18. Qc3 Nd5 {½-½ (18) Mamedyarov,S (2753)-Rublevsky,S (2695) Khanty-Mansiysk 2013}) 11. Qc2 a5 12. b3 O-O 13. Bb2 f6 14. Be2 Rad8 $146 ({Predecessor:} 14... Qf7 15. Nd2 Nd5 16. O-O Nde7 {½-½ (49) Vasilevich,I (2389)-Nebolsina,V (2278) Istanbul 2005}) 15. Nd2 Qf7 16. O-O Qg6 17. Rfe1 Bd5 {[%csl Gd5][%cal Rg6g2]} 18. Bf1 f5 19. Bc3 f4 (19... e4 $14) 20. e4 $1 $16 {[%cal Re4d5]} Be6 {[#]} 21. b4 $1 axb4 22. axb4 {[%cal Ba3b4,Bb4b5][%mdl 32]} f3 23. g3 Rf7 {[#]} 24. b5 $1 {[%cal Rb5c6]} Nd4 25. Bxd4 $1 exd4 {[#]} 26. Nxf3 $1 {[%mdl 512]} Rxf3 $11 27. Qxc7 {[%mdl 64] Double Attack} Rdf8 28. Qxb6 {aiming for Re2.} Rxf2 29. Qxd4 Qh6 {[%csl Gf2][%cal Rh6h2]} 30. Qxf2 Rxf2 31. Kxf2 Qxh2+ 32. Bg2 Bh3 33. Rg1 Bxg2 34. Rxg2 {[%mdl 4096] Endgame KQ-KRR} Qh6 35. Rd1 (35. Ra8+ {looks sharper.} Kf7 36. Ra2 Ke6 37. Rc2 Qf6+ 38. Ke2) 35... Qh5 36. Rd2 Qxb5 37. d4 Qb4 38. Kf3 Qc3+ 39. Kf4 Kf7 40. e5 Qc4 41. Rge2 Ke6 42. Ke3 Qd5 43. Rb2 b5 44. Rbc2 Kf5 45. Rf2+ Ke6 46. Rc3 Qh1 {Threatens to win with ...Qe1+.} 47. Rd2 Qe1+ 48. Kd3 Qb1+ 49. Ke2 Qe4+ 50. Kf2 Qf5+ 51. Rf3 Qh3 $1 52. Kg1 {Strongly threatening Re3.} Kd5 53. Re3 {Black must now prevent e6.} Qh6 54. Kf2 {Hoping for e6.} Qh2+ 55. Ke1 Qg1+ 56. Ke2 {And now e6 would win.} Qg2+ 57. Kd1 Qf1+ 58. Re1 Qf3+ {[%mdl 64] Double Attack} 59. Ree2 Qb3+ 60. Rc2 Qb1+ ({Much worse is} 60... Kxd4 $6 61. e6 $16) 61. Kd2 Qb4+ ({Don't play} 61... Kxd4 $6 62. e6 $16) 62. Ke3 Qxd4+ {[%mdl 64] Double Attack} 63. Kf3 Qd3+ 64. Kg2 Ke6 65. Rcd2 Qc4 66. Re3 Qc5 67. Rd6+ Ke7 68. Kf3 b4 69. Rdd3 Ke6 70. Re4 Qc2 (70... Qc1 $5 {[%cal Rb4b3]} 71. Ree3 h5 $17) 71. Ree3 Qc5 72. Rd6+ {The position is equal.} Ke7 73. Rdd3 Ke6 74. Rd6+ Ke7 {Accuracy: White = 75%, Black = 66%.} 1/2-1/2

[Event "Asian Zonal 3.3 2019"]
[Site "Ulaanbaatar"]
[Date "2019.04.13"]
[Round "7.7"]
[White "Nguyen, Van Huy"]
[Black "Bilguun, Sumiya"]
[Result "1-0"]
[WhiteElo "2436"]
[BlackElo "2488"]
[Annotator "ChessBase"]
[PlyCount "147"]
[EventDate "2019.04.07"]
[EventType "swiss"]
[EventRounds "9"]
[EventCountry "MGL"]
[SourceTitle "playchess.com"]
[Source "ChessBase"]
[SourceQuality "1"]
[TimeControl "40/5400+30:1800+30"]

1. d4 {[%emt 0:00:05]} d5 {[%emt 0:00:00]} 2. Nf3 {[%emt 0:00:43]} Nf6 {[%emt 0:00:00]} 3. c4 {[%emt 0:01:00]} e6 {[%emt 0:00:00]} 4. g3 {[%emt 0:00:31]} dxc4 {[%emt 0:00:00]} 5. Bg2 {[%emt 0:00:42]} Bb4+ {[%emt 0:00:02]} 6. Bd2 {[%emt 0:01:49]} a5 {[%emt 0:00:03]} 7. Qc2 {[%emt 0:02:55]} Bxd2+ {[%emt 0:01:12]} 8. Qxd2 {[%emt 0:00:25]} c6 {[%emt 0:00:38]} 9. a4 {[%emt 0:01:50]} Ne4 {[%emt 0:00:11]} 10. Qf4 {[%emt 0:03:25]} Nd6 {[%emt 0:05:22]} 11. O-O {[%emt 0:05:13]} O-O {[%emt 0:02:38]} 12. Na3 {[%emt 0:03:50]} b5 {[%emt 0:14:12]} 13. Rac1 {[%emt 0:08:28]} Ra6 {[%emt 0:05:41]} 14. e4 {[%emt 0:11:17]} Rb6 {[%emt 0:04:20]} 15. Rfd1 {[%emt 0:05:18]} Ba6 {[%emt 0:08:16]} 16. e5 {[%emt 0:08:14]} Nc8 {[%emt 0:00:53]} 17. Qd2 {[%emt 0:02:55]} c3 {[%emt 0:08:54]} 18. bxc3 {[%emt 0:00:45]} bxa4 {[%emt 0:00:48]} 19. Qa2 {[%emt 0:02:34]} Qe7 {[%emt 0:01:25]} 20. Nd2 {[%emt 0:03:06]} Rb7 {[%emt 0:10:13]} 21. Nac4 {[%emt 0:03:12]} Bb5 {[%emt 0:04:07]} 22. Ne3 {[%emt 0:02:14]} Na6 {[%emt 0:07:44]} 23. Ra1 {[%emt 0:05:03]} Nb6 {[%emt 0:01:20]} 24. Qa3 {[%emt 0:01:56]} Qxa3 {[%emt 0:14:12]} 25. Rxa3 {[%emt 0:00:17]} Nb8 {[%emt 0:00:00]} 26. Ne4 {[%emt 0:06:51]} Rc7 {[%emt 0:04:52]} 27. Rc1 {[%emt 0:02:26]} Bd3 {[%emt 0:05:09]} 28. Nc5 {[%emt 0:02:06]} Bg6 {[%emt 0:00:06]} 29. Nxa4 {[%emt 0:01:04]} Nxa4 {[%emt 0:00:09]} 30. Rxa4 {[%emt 0:00:05]} c5 {[%emt 0:00:01]} 31. d5 {[%emt 0:01:27]} exd5 {[%emt 0:01:31]} 32. Bxd5 {[%emt 0:01:04]} Nd7 {[%emt 0:00:57]} 33. e6 {[%emt 0:02:45]} fxe6 {[%emt 0:00:45]} 34. Bxe6+ {[%emt 0:00:03]} Kh8 {[%emt 0:00:06]} 35. Rxa5 {[%emt 0:01:43]} Ne5 {[%emt 0:01:00]} 36. Bd5 {[%emt 0:00:24]} h5 {[%emt 0:00:18]} 37. Rca1 {[%emt 0:00:40]} Kh7 {[%emt 0:00:32]} 38. Ra8 {[%emt 0:00:45]} Rxa8 {[%emt 0:00:35]} 39. Rxa8 {[%emt 0:00:06]} Nd7 {[%emt 0:00:20]} 40. Bg8+ {[%emt 0:00:00]} Kh6 {[%emt 0:00:00]} 41. Nd5 {[%emt 0:09:06]} Rb7 {[%emt 0:08:00]} 42. Ra6 {[%emt 0:00:51]} Nf6 {[%emt 0:00:53]} 43. Nxf6 {[%emt 0:00:56]} gxf6 {[%emt 0:00:01]} 44. Bd5 {[%emt 0:00:16]} Rb1+ {[%emt 0:00:14]} 45. Kg2 {[%emt 0:00:06]} Kg7 {[%emt 0:01:12]} 46. Rc6 {[%emt 0:00:52]} Rb5 {[%emt 0:02:11]} 47. c4 {[%emt 0:00:12]} Ra5 {[%emt 0:00:44]} 48. h4 {[%emt 0:00:20]} Bd3 {[%emt 0:00:35]} 49. Kf3 {[%emt 0:00:19]} Bb1 {[%emt 0:04:03]} 50. Kf4 {[%emt 0:00:06]} Ra2 {[%emt 0:00:55]} 51. f3 {[%emt 0:00:12]} Rd2 {[%emt 0:00:27]} 52. Rxc5 {[%emt 0:00:33]} Rd4+ {[%emt 0:00:06]} 53. Ke3 {[%emt 0:00:09]} Rd3+ {[%emt 0:00:01]} 54. Ke2 {[%emt 0:00:13]} Rc3 {[%emt 0:00:03]} 55. Rc7+ {[%emt 0:01:32]} Kg6 {[%emt 0:00:11]} 56. c5 {[%emt 0:00:23]} Kf5 {[%emt 0:00:07]} 57. c6 {[%emt 0:01:02]} Ke5 {[%emt 0:00:03]} 58. Rd7 {[%emt 0:00:23]} Rc2+ {[%emt 0:09:44]} 59. Kd1 {[%emt 0:01:29]} Rc5 {[%emt 0:00:14]} 60. f4+ {[%emt 0:07:06]} Kf5 {[%emt 0:00:34]} 61. c7 {[%emt 0:01:05]} Be4 {[%emt 0:00:31]} 62. Bb3 {[%emt 0:09:04]} Kg4 {[%emt 0:01:00]} 63. Rg7+ {[%emt 0:00:16]} Kf3 {[%emt 0:00:20]} 64. Kd2 {[%emt 0:00:24]} Bf5 {[%emt 0:04:25]} 65. Bd1+ {[%emt 0:01:57]} Kf2 {[%emt 0:00:03]} 66. Bxh5 {[%emt 0:00:10]} Rc2+ {[%emt 0:01:56]} 67. Kd1 {[%emt 0:00:05]} Rc5 {[%emt 0:00:25]} 68. g4 {[%emt 0:03:12]} Be4 {[%emt 0:00:58]} 69. Bg6 {[%emt 0:00:43]} Bf3+ {[%emt 0:00:35]} 70. Kd2 {[%emt 0:00:06]} Bxg4 {[%emt 0:00:19]} 71. f5 {[%emt 0:00:08]} Bf3 {[%emt 0:01:45]} 72. Re7 {[%emt 0:00:27]} Kg3 {[%emt 0:01:54]} 73. h5 {[%emt 0:00:09]} Kf4 {[%emt 0:00:09]} 74. h6 {[%emt 0:00:13]} 1-0

[Event "Asian Zonal 3.3 2019"]
[Site "Ulaanbaatar"]
[Date "2019.04.13"]
[Round "7.8"]
[White "Gan-Erdene, Sugar"]
[Black "Tran, Tuan Minh"]
[Result "1-0"]
[WhiteElo "2375"]
[BlackElo "2553"]
[Annotator "ChessBase"]
[PlyCount "81"]
[EventDate "2019.04.07"]
[EventType "swiss"]
[EventRounds "9"]
[EventCountry "MGL"]
[SourceTitle "playchess.com"]
[Source "ChessBase"]
[SourceQuality "1"]
[TimeControl "40/5400+30:1800+30"]

1. e4 {[%emt 0:00:00]} c5 {[%emt 0:02:15]} 2. Nf3 {[%emt 0:00:00]} d6 {[%emt 0:00:04]} 3. d4 {[%emt 0:00:00]} cxd4 {[%emt 0:00:04]} 4. Nxd4 {[%emt 0:00:00]} Nf6 {[%emt 0:00:07]} 5. Nc3 {[%emt 0:00:00]} a6 {[%emt 0:00:04]} 6. Be3 {[%emt 0:00:01]} e5 {[%emt 0:00:04]} 7. Nb3 {[%emt 0:00:26]} Be7 {[%emt 0:00:37]} 8. h3 {[%emt 0:00:22]} Be6 {[%emt 0:00:27]} 9. Qf3 {[%emt 0:00:19]} Nbd7 {[%emt 0:00:19]} 10. g4 {[%emt 0:00:58]} h6 {[%emt 0:00:17]} 11. O-O-O {[%emt 0:00:54]} Rc8 {[%emt 0:05:49]} 12. Nd5 {[%emt 0:04:12]} Bxd5 {[%emt 0:01:16]} 13. exd5 {[%emt 0:00:06]} Nb6 {[%emt 0:00:05]} 14. Kb1 {[%emt 0:03:56]} e4 {[%emt 0:00:50]} 15. Bxb6 {[%emt 0:11:50]} Qxb6 {[%emt 0:00:06]} 16. Qe2 {[%emt 0:00:41]} O-O {[%emt 0:13:15]} 17. h4 {[%emt 0:01:56]} g6 {[%emt 0:27:12]} 18. g5 {[%emt 0:09:57]} Nh5 {[%emt 0:06:00]} 19. Rd4 {[%emt 0:27:50]} e3 {[%emt 0:18:17]} 20. Qxe3 {[%emt 0:13:29]} Rce8 {[%emt 0:00:13]} 21. Qf3 {[%emt 0:04:32]} hxg5 {[%emt 0:00:28]} 22. hxg5 {[%emt 0:01:16]} Bxg5 {[%emt 0:00:20]} 23. Bd3 {[%emt 0:00:38]} Re5 {[%emt 0:00:19]} 24. a3 {[%emt 0:02:57]} Bh6 {[%emt 0:03:03]} 25. Qg2 {[%emt 0:05:40]} Rg5 {[%emt 0:07:14]} 26. Qh2 {[%emt 0:03:17]} Bg7 {[%emt 0:01:57]} 27. Rb4 {[%emt 0:00:17]} Qc7 {[%emt 0:01:54]} 28. f4 {[%emt 0:02:44]} Rxd5 {[%emt 0:00:09]} 29. Qg2 {[%emt 0:01:39]} a5 {[%emt 0:07:07]} 30. Rc4 {[%emt 0:01:29]} Rc5 {[%emt 0:00:09]} 31. Nxc5 {[%emt 0:00:42]} dxc5 {[%emt 0:00:01]} 32. Qg5 {[%emt 0:01:17]} Rc8 {[%emt 0:02:20]} 33. a4 {[%emt 0:01:36]} b5 {[%emt 0:01:08]} 34. axb5 {[%emt 0:00:13]} Qb7 {[%emt 0:00:00]} 35. Re1 {[%emt 0:00:59]} Qxb5 {[%emt 0:00:18]} 36. b3 {[%emt 0:00:10]} Qd7 {[%emt 0:02:58]} 37. Qe7 {[%emt 0:00:50]} Qd5 {[%emt 0:00:51]} 38. Qe4 {[%emt 0:00:52]} Qd6 {[%emt 0:00:33]} 39. Qe7 {[%emt 0:00:18]} Qd5 {[%emt 0:00:00]} 40. Rce4 {[%emt 0:00:00]} Nf6 {[%emt 0:00:00]} 41. Bc4 {[%emt 0:03:49]} 1-0